Diccionario de Arquitectura, Construcción y Obras Públicas: Español-Inglés Glosario Inglés-Español
Kaydedildi:
| Asıl Yazarlar: | , |
|---|---|
| Materyal Türü: | Kitap |
| Dil: | İspanyolca |
| Baskı/Yayın Bilgisi: |
Madrid
Paraninfo
1999
|
| Edisyon: | 6a. ed |
| Konular: | |
| Etiketler: |
Etiketle
Etiket eklenmemiş, İlk siz ekleyin!
|
MARC
| LEADER | 00000nam a2200000 a 4500 | ||
|---|---|---|---|
| 001 | UCH3329 | ||
| 003 | CL-VaPUC | ||
| 008 | 090723e19990000SP |||||||||||||||||spa|d | ||
| 020 | |a 8428315604 | ||
| 082 | 0 | 4 | |a 720.03 |b PUT |2 21 |
| 100 | 0 | |a Putnam, R. E |e author |9 538616 | |
| 700 | 0 | |a Carlson, G. E |e author |9 538617 | |
| 245 | 1 | 0 | |a Diccionario de Arquitectura, Construcción y Obras Públicas: Español-Inglés Glosario Inglés-Español |
| 250 | |a 6a. ed | ||
| 300 | |a 535 p | ||
| 942 | |c BK | ||
| 945 | |d 20090723 00:00:00 |a dcastane | ||
| 260 | |a Madrid |b Paraninfo |c 1999 | ||
| 650 | 0 | |a Arquitectura |9 804558 | |
| 650 | 0 | |a Diccionarios |9 256200 | |
| 650 | 0 | |a Construcción |9 260195 | |
| 650 | 0 | |a Obras públicas |9 261125 | |
| 583 | |a last modification |c 20090723 00:00:00 |k Rodrigo Vera | ||
| 999 | |c 334922 |d 334920 | ||